| 000 | 00737nam a22002055a 4500 | ||
|---|---|---|---|
| 001 | 002723 | ||
| 003 | armpunfd | ||
| 005 | 20140612090713.0 | ||
| 008 | 131213s2013####xx############000#0#und#d | ||
| 020 | _a9789879577493 | ||
| 040 |
_aarmpunfd _carmpunfd |
||
| 080 | _a342 (821.2) F 119 | ||
| 245 | 1 | 0 |
_aFacultad de derecho de la universidad de buenos aires : _bsu Legado Historico / _cOrtiz Tulio (Coordinador). |
| 260 |
_aCiudad Autonoma de Buenos Aires : _bDepartamento de Publicaciones de la Facultad de Derecho de la Universidad de Buenos Aires, _c2013. |
||
| 300 |
_a256 p ; _c21 x 15 CM. |
||
| 650 | 7 |
_aDerecho Romano _2LEMB |
|
| 650 | 7 |
_aHistoria de la Facultad de Derecho _2LEMB |
|
| 942 |
_c _2cdu |
||
| 945 |
_aCELESTE _d2013-12-13 |
||
| 999 |
_c2612 _d233116 |
||